Predpoveď znižovania hodnoty nového auta

Guardado en:
Detalles Bibliográficos
Autor principal: Holka, Lukáš (Autor)
Otros Autores: Posoldová, Alexandra (Orientador)
Formato: Manuscrito Libro
Lenguaje:eslovaco
Publicado: Bratislava : STU v Bratislave FEI, 2025
Materias:
Acceso en línea:https://opac.crzp.sk/?fn=detailBiblioFormChildQUGTR&sid=8D80AD18777FCC7F65BCB14DC29E&seo=CRZP-detail-kniha
Etiquetas: Agregar Etiqueta
Sin Etiquetas, Sea el primero en etiquetar este registro!

MARC

LEADER 00000ntm a22000003a 4500
001 stuzp106168
003 SK-STU
005 20251112134659.5
007 ta
008 150427s2015----xo-----f-mn---000-0-slo-d
040 |a STU  |b slo 
041 0 |a slo 
044 |a xo 
100 1 |a Holka, Lukáš  |u 035000  |4 aut  |U FEI Fakulta elektrotechniky a informatiky  |T FEI Ústav informatiky a matematiky  |X 120416  |U E050  |Y 816  |7 120416 
242 0 1 |a Forecast New Vehicle Depreciation  |y eng 
245 1 0 |a Predpoveď znižovania hodnoty nového auta 
260 |a Bratislava :  |b STU v Bratislave FEI,  |c 2025 
300 |a 46 s. 
650 4 |a predikcia ceny vozidiel  |2 slo 
650 4 |a zhlukovanie  |2 slo 
650 4 |a regresné metódy  |2 slo 
650 4 |a strojové učenie  |2 slo 
650 4 |a python  |2 slo 
650 4 |a car price prediction  |2 eng 
650 4 |a clustering  |2 eng 
650 4 |a regression models  |2 eng 
650 4 |a machine learning  |2 eng 
650 4 |a python  |2 eng 
700 1 |a Posoldová, Alexandra  |4 ths  |X 49948  |7 49948 
856 4 |u https://opac.crzp.sk/?fn=detailBiblioFormChildQUGTR&sid=8D80AD18777FCC7F65BCB14DC29E&seo=CRZP-detail-kniha